Départements aux communes les moins étendues - Statistiques

Statistiques générales
  • Ce quiz a été pris 20 fois
  • Le résultat moyen est 25 sur 35
Statistiques - réponses
Indice Réponse % Correct
18 Nord
100%
9 Gironde
92%
5 Oise
92%
16 Pas-de-Calais
92%
16 Somme
92%
9 Aisne
83%
6 Haute-Corse
83%
5 Loire
83%
7 Haute-Saône
75%
8 Meurthe-et-Moselle
75%
7 Morbihan
75%
5 Seine-Maritime
75%
9 Val d'Oise
75%
7 Aube
67%
6 Aude
67%
16 Doubs
67%
6 Finistère
67%
12 Jura
67%
5 Manche
67%
5 Marne
67%
16 Moselle
67%
7 Pyrénées-Atlantiques
67%
6 Savoie
67%
8 Seine-et-Marne
67%
7 Val-de-Marne
67%
5 Ain
58%
23 Bas-Rhin
58%
7 Calvados
58%
7 Haute-Garonne
58%
5 Haut-Rhin
58%
7 Rhône
58%
7 Territoire-de-Belfort
58%
5 Yvelines
58%
14 Eure
50%
56 Hautes-Pyrénées
42%
Aucun quiz correspondant
Distribution des résultats
% des personnes avec chaque résultat
Percentile par nombre de réponses
Votre historique - résultats
Vous n’avez pas pris ce quiz